| 000 | 00521nam a2200193 i 4500 | ||
|---|---|---|---|
| 001 | 59759 | ||
| 003 | ES-MaACL | ||
| 005 | 20250901073802.0 | ||
| 007 | t| | ||
| 008 | 031030m19701971sp ||||1| spa d | ||
| 245 | 0 | 0 |
_aElectronia, radio, tv _b: televisión. |
| 260 |
_aBarcelona : _bAfha, _c[1970-71] |
||
| 300 |
_a3 v. : _bil. ; _c27 cm. |
||
| 650 | 4 |
_aElectrónica. _912165 |
|
| 650 | 7 |
_aRadio _2embne _9153758 |
|
| 650 | 0 | 4 |
_aTelevisión. _917437 |
| 852 |
_aES-MaACL _jE-7457-59 _bR.77763 |
||
| 999 |
_c59759 _d59759 |
||